[Event "BRA-ch U14 Girls"]
[Site "Florianopolis"]
[Date "2019.04.21"]
[Round "6"]
[White "Brensis, Maria Gabriela"]
[Black "Thurow, Jennifer"]
[Result "1-0"]
[WhiteElo "1800"]
[BlackElo "1222"]
[PlyCount "21"]
[EventDate "2019.04.18"]
[EventType "swiss"]
[EventRounds "6"]
[EventCountry "BRA"]
[SourceTitle "CBM 190 Extra"]
[Source "ChessBase"]
[SourceDate "2019.07.15"]
[SourceVersion "1"]
[SourceVersionDate "2019.07.15"]
[SourceQuality "1"]

1. e4 c5 2. Nf3 Nc6 3. Bc4 d6 4. 0-0 e6 5. d3 Nf6 6. Nc3 Be7 7. Nh4 0-0 8. Qf3 Nd4 9. Qg3 g6 10. Bh6 Re8 11. Rfe1 1-0